[Event "Moscow Open 2009 B"]
[Site "www.moscowchessopen.ru"]
[Date "2009.02.03"]
[Round "4.198"]
[White "Firstov, Pavel"]
[Black "Bocharnikov, Oleg"]
[Result "1-0"]
[WhiteElo "2043"]
[BlackElo "1829"]
[Annotator ""]
[Source ""]
[Remark ""]

1.d4 f5 2.Nf3 Nf6 3.c4 g6 4.g3 Bg7 5.Bg2 O-O 6.O-O d6 7.Nc3 c6
8.Qc2 a5 9.b3 Na6 10.Bb2 Qc7 11.a3 e5 12.dxe5 dxe5 13.e4 Nxe4
14.Nxe4 fxe4 15.Qxe4 Bf5 16.Qe3 Rfe8 17.Rfe1 e4 18.Nd4 Nc5 19.Nxf5
Bxb2 20.Nh6+ Kg7 21.Ra2 Qe5 22.Ng4 Qd4 23.Rxb2 Qxb2 24.Qxc5 h5
25.Ne3 Rf8 26.Nf1 Rad8 27.Qe7+ Kh6 28.h4 Rde8 29.Qxb7 Qxa3 30.Qxc6
Qe7 31.Qd5 Qe5 32.Rd1 Rf6 33.Rd4 Qxd5 34.cxd5 Rb6 35.Bxe4 Rxb3
36.d6 Rb4 37.d7 Rd8 38.Rxb4 axb4 39.Bc6 b3 40.Nd2 1-0

[Event "Moscow Open 2009 B"]
[Site "www.moscowchessopen.ru"]
[Date "2009.02.03"]
[Round "4.199"]
[White "Bondarev, Ivan"]
[Black "Artjushin, Viktor"]
[Result "1/2-1/2"]
[WhiteElo "1759"]
[BlackElo "2010"]
[Annotator ""]
[Source ""]
[Remark ""]

1.e4 c5 2.f4 Nc6 3.Nf3 g6 4.Bb5 Bg7 5.Bxc6 bxc6 6.O-O d5 7.d3
Qb6 8.Nc3 c4+ 9.Kh1 cxd3 10.cxd3 e6 11.d4 Ne7 12.Na4 Qc7 13.e5
h5 14.b3 Nf5 15.Qd2 O-O 16.Ba3 Rd8 17.Rfc1 Bd7 18.Rc2 Rdc8 19.Rac1
Qd8 20.Bb4 Bf8 21.Ba5 Qe7 22.Nc5 Be8 23.Na6 Qb7 24.Nc5 Bxc5 25.Rxc5
Kg7 26.Bb4 Rab8 27.a3 Qa8 28.Ra5 a6 29.Rcc5 Rb5 30.Qd3 Rcb8 31.Ng1
Qa7 32.Ne2 Qb6 1/2-1/2

[Event "Moscow Open 2009 B"]
[Site "www.moscowchessopen.ru"]
[Date "2009.02.03"]
[Round "4.201"]
[White "Khorsun, Vsevolod"]
[Black "Bessarab, Vsevolod"]
[Result "0-1"]
[WhiteElo "1715"]
[BlackElo "1990"]
[Annotator ""]
[Source ""]
[Remark ""]

1.Nf3 Nc6 2.g3 e5 3.d3 d5 4.Bg2 Be7 5.O-O h5 6.h4 Be6 7.c3 Qd7
8.Re1 Bf6 9.e4 dxe4 10.dxe4 Qxd1 11.Rxd1 Bg4 12.Be3 Be7 13.b4
f6 14.Na3 a6 15.Nc2 Bd6 16.Bc1 Nge7 17.Ne3 Be6 18.a3 Nd8 19.Nd5
Nxd5 20.exd5 Bg4 21.Re1 O-O 22.Nh2 Bd7 23.c4 c5 24.Bd2 Nf7 25.Rab1
Rab8 26.bxc5 Bxc5 27.Bb4 Rfc8 28.Rbc1 Nd6 29.Bf1 Bf5 30.Nf3 b6
31.Nxe5 fxe5 32.Rxe5 g6 33.Bxc5 Rxc5 34.f3 Re8 35.Rxe8+ Nxe8
36.Rc3 Nd6 37.Rb3 b5 38.cxb5 axb5 39.Rb4 Rxd5 40.a4 bxa4 41.Rxa4
Bd3 42.g4 Bxf1 43.Kxf1 Nb5 44.Kg2 Kf7 45.Ra6 Rc5 46.Kg3 Nd4 47.Rd6
Rc4 48.Rd5 Ne2+ 49.Kf2 Nf4 50.Rd6 Ke7 51.Ra6 Kf7 0-1

[Event "Moscow Open 2009 B"]
[Site "www.moscowchessopen.ru"]
[Date "2009.02.03"]
[Round "4.202"]
[White "Pak, Alexander"]
[Black "Pozdeev, Nikita"]
[Result "0-1"]
[WhiteElo "1649"]
[BlackElo "1988"]
[Annotator ""]
[Source ""]
[Remark ""]

1.e4 e6 2.d4 d5 3.Nc3 Nf6 4.Bg5 Be7 5.e5 Nfd7 6.Bxe7 Qxe7 7.f4
a6 8.Nf3 c5 9.Qd2 Nc6 10.dxc5 Qxc5 11.O-O-O b5 12.Kb1 b4 13.Ne2
a5 14.Ned4 Ba6 15.Bxa6 Rxa6 16.Rhe1 a4 17.f5 Na5 18.fxe6 fxe6
19.Ng5 Nf8 20.Qf4 Qe7 21.Nb5 Nc4 22.Rf1 Ng6 23.Qf7+ Kd7 24.Rxd5+
Kc6 25.Nxe6 Qxf7 26.Rc5+ Kd7 27.Rxf7+ Kxe6 28.Rb7 Rd8 29.Nc7+
Kf5 30.e6+ Nge5 31.a3 Nd2+ 32.Kc1 Rad6 33.e7 Nb3+ 34.cxb3 Rd1+ 0-1

[Event "Moscow Open 2009 B"]
[Site "www.moscowchessopen.ru"]
[Date "2009.02.03"]
[Round "4.203"]
[White "Vasiliev, Mikhail"]
[Black "Borzov, Roman"]
[Result "0-1"]
[WhiteElo "1486"]
[BlackElo "1986"]
[Annotator ""]
[Source ""]
[Remark ""]

1.e4 c5 2.Nf3 Nc6 3.d4 cxd4 4.Nxd4 e5 5.Nxc6 bxc6 6.Bd3 Nf6 7.O-O
Be7 8.b3 O-O 9.Bb2 Qc7 10.Nd2 d5 11.h3 dxe4 12.Nxe4 Nd5 13.Qh5
f5 14.Ng3 Nf4 15.Bc4+ Kh8 16.Qf3 Bb7 17.Qe3 Bd6 18.Ne2 Nxg2 19.Kxg2
f4 20.Qf3 c5 21.Bd5 e4 22.Bxe4 Bxe4 23.Qxe4 f3+ 24.Kh1 Rae8 25.Qg4
fxe2 26.Rg1 Be5 27.Bxe5 Rxe5 28.Rae1 Rxf2 29.Rg2 h5 30.Qg6 Rf1+
31.Rg1 Ref5 32.Qg2 R5f2 33.Rxe2 Rxg2 0-1

[Event "Moscow Open 2009 B"]
[Site "www.moscowchessopen.ru"]
[Date "2009.02.03"]
[Round "4.215"]
[White "Andreev, Volodymyr"]
[Black "Motruk, Oleg"]
[Result "1/2-1/2"]
[WhiteElo "1915"]
[BlackElo "1727"]
[Annotator ""]
[Source ""]
[Remark ""]

1.e4 d5 2.exd5 Nf6 3.Bb5+ Bd7 4.Bxd7+ Nbxd7 5.c4 Nb6 6.d3 Qd7
7.Nf3 g6 8.O-O c6 9.dxc6 Qxc6 10.Nc3 Rd8 11.Qe2 Nfd7 12.Be3 Bg7
13.Rad1 O-O 14.Nb5 e5 15.Nxa7 Qa4 16.Nb5 Qxa2 17.Ra1 Qb3 18.Bg5
f6 19.Bd2 Ra8 20.Bc3 Na4 21.Qe4 Ndc5 22.Qd5+ Kh8 23.Nd6 h6 24.Nh4
Kh7 25.Qf3 Rfd8 26.Ne4 Nxe4 27.Qxe4 f5 28.Qf3 Nxc3 29.bxc3 Qxc3
30.g4 fxg4 31.Qxb7 Rab8 32.Qe4 Qxd3 33.Qxd3 Rxd3 34.Rfc1 e4 35.Ng2
Bd4 36.Kf1 Rf3 37.Rc2 e3 38.c5 exf2 39.c6 Rbb3 40.Rac1 Rb8 41.Ke2
Rc8 1/2-1/2

[Event "Moscow Open 2009 B"]
[Site "www.moscowchessopen.ru"]
[Date "2009.02.03"]
[Round "4.216"]
[White "Surov, Anatoly"]
[Black "Lebedev, Roman"]
[Result "0-1"]
[WhiteElo "1905"]
[BlackElo "1710"]
[Annotator ""]
[Source ""]
[Remark ""]

1.e4 e6 2.f4 d5 3.e5 c5 4.d4 Nc6 5.c3 Bd7 6.Nf3 cxd4 7.cxd4 Bb4+
8.Bd2 Bxd2+ 9.Nbxd2 Nge7 10.Rc1 Nf5 11.Nb3 Qb6 12.Qd2 Nb4 13.a3
Na2 14.g4 Qxb3 15.Rc3 Nxc3 16.bxc3 Ne7 17.Bd3 Rc8 18.O-O Qxc3
19.Qe3 g6 20.Nh4 Qxa3 21.Nf3 a5 22.Rd1 a4 23.Qf2 Qc3 24.Kh1 a3
25.Rd2 b5 26.Qe2 b4 27.Kg2 b3 28.Bb5 Nc6 29.Bxc6 Bxc6 30.Qa6
O-O 31.Qxa3 Ra8 32.Qe7 Ra2 33.Rxa2 bxa2 34.Qg5 a1Q 0-1

[Event "Moscow Open 2009 B"]
[Site "www.moscowchessopen.ru"]
[Date "2009.02.03"]
[Round "4.217"]
[White "Kuleshov, Viktor"]
[Black "Rodnov, Sergey"]
[Result "1-0"]
[WhiteElo "1891"]
[BlackElo "1512"]
[Annotator ""]
[Source ""]
[Remark ""]

1.e4 c5 2.Nf3 Nc6 3.Nc3 e6 4.d4 cxd4 5.Nxd4 a6 6.Be2 Nge7 7.Nb3
g6 8.Be3 Bg7 9.Qd2 O-O 10.O-O Qc7 11.f4 b5 12.e5 b4 13.Ne4 Nd5
14.Bc5 Nce7 15.Bc4 Bb7 16.Bxd5 Nxd5 17.Bxf8 Rxf8 18.Nd6 Ba8 19.Qd4
Bh6 20.g3 Nb6 21.Qc5 Qxc5+ 22.Nxc5 1-0

[Event "Moscow Open 2009 B"]
[Site "www.moscowchessopen.ru"]
[Date "2009.02.04"]
[Round "5.1"]
[White "Tukhvatullin, Vladislav"]
[Black "Yuferev, Oleg"]
[Result "1/2-1/2"]
[WhiteElo "2227"]
[BlackElo "2293"]
[Annotator ""]
[Source ""]
[Remark ""]

1.e4 c5 2.Nf3 d6 3.d4 cxd4 4.Nxd4 Nf6 5.Nc3 g6 6.g3 Nc6 7.Nde2
Bg7 8.Bg2 Rb8 9.a4 a6 10.O-O b5 11.axb5 axb5 12.Nd5 Nd7 13.c3
O-O 14.Nd4 Nde5 15.f4 Nxd4 16.fxe5 Nc6 17.exd6 exd6 18.Be3 Ne5
19.Bd4 Be6 20.Nb4 h5 21.h3 Qd7 22.Kh2 Ra8 23.Qc2 Rfc8 24.Rxa8
Rxa8 25.Rd1 Qc7 26.Be3 Ra4 27.Nd5 Qb8 28.Bg5 Bxd5 29.Rxd5 Ra1
30.Qe2 Nc4 31.b3 Qa7 32.Rd1 Ra2 33.Qf1 Ne3 34.Bxe3 Qxe3 35.Rxd6
h4 36.Rd8+ Kh7 37.gxh4 Be5+ 38.Kh1 Rf2 39.Qg1 Qf4 40.Rd1 Bxc3
41.Rf1 Bd4 42.Rxf2 Bxf2 43.Qd1 Bxh4 44.Qf1 Bf2 45.Qxb5 Kg7 46.Qe2
g5 47.b4 Kf8 48.b5 g4 49.Bf1 g3 50.Kg2 1/2-1/2

[Event "Moscow Open 2009 B"]
[Site "www.moscowchessopen.ru"]
[Date "2009.02.04"]
[Round "5.2"]
[White "Aghasaryan, Robert"]
[Black "Artamonov, Valery"]
[Result "1-0"]
[WhiteElo "2218"]
[BlackElo "2289"]
[Annotator ""]
[Source ""]
[Remark ""]

1.d4 Nf6 2.c4 c5 3.d5 b5 4.cxb5 e6 5.Nc3 exd5 6.Nxd5 Bb7 7.Nxf6+
Qxf6 8.Nf3 d5 9.g3 Bd6 10.Bg2 O-O 11.O-O Re8 12.Rb1 a6 13.b4
cxb4 14.Bb2 Qd8 15.Nh4 Bf8 16.bxa6 Rxa6 17.Nf5 Rxa2 18.Bxg7 Bxg7
19.Rxb4 Qc8 20.Nd6 Qc5 21.Rxb7 Ra1 22.Nxe8 Rxd1 23.Rxd1 Be5 24.Bxd5
Kf8 25.Nf6 Kg7 26.Rxf7+ Kg6 27.Nxh7 Bg7 28.h4 Kxh7 29.Be4+ Kh6
30.Rd5 Qb4 31.f3 Nc6 32.Kg2 Nd4 33.g4 1-0

[Event "Moscow Open 2009 B"]
[Site "www.moscowchessopen.ru"]
[Date "2009.02.04"]
[Round "5.3"]
[White "Poghosyan, Suren"]
[Black "Okun, Leonid"]
[Result "1-0"]
[WhiteElo "2218"]
[BlackElo "2277"]
[Annotator ""]
[Source ""]
[Remark ""]

1.d4 g6 2.e4 Bg7 3.Nf3 d6 4.c4 c5 5.dxc5 Qa5+ 6.Bd2 Qxc5 7.Nc3
Nf6 8.Be2 O-O 9.O-O Be6 10.Rc1 Re8 11.Be3 Qa5 12.Nd4 Bd7 13.Nb3
Qd8 14.c5 Bc6 15.Qc2 dxc5 16.Rfd1 Qc8 17.Nxc5 Nbd7 18.Nb3 b6
19.Bd4 Qb7 20.e5 Nd5 21.e6 N7f6 22.exf7+ Kxf7 23.Nxd5 Bxd5 24.Bxf6
Kxf6 25.Qd2 Be4 26.Qf4+ Bf5 27.Bf3 Qb8 28.Qc4 Rc8 29.Qd5 Qf4
30.g3 Qa4 31.Rd4 Qe8 32.Re1 e6 33.Qb7 Rd8 34.g4 Bc2 35.g5+ Kxg5
36.Qxg7 1-0

[Event "Moscow Open 2009 B"]
[Site "www.moscowchessopen.ru"]
[Date "2009.02.04"]
[Round "5.4"]
[White "Gevorgyan, David"]
[Black "Manukyan, Sargis V"]
[Result "1-0"]
[WhiteElo "2252"]
[BlackElo "2198"]
[Annotator ""]
[Source ""]
[Remark ""]

1.e4 c5 2.d3 Nc6 3.g3 g6 4.Bg2 Bg7 5.f4 d6 6.c3 e6 7.Nf3 Nge7
8.O-O O-O 9.Be3 Rb8 10.d4 cxd4 11.cxd4 f5 12.e5 Nd5 13.Bf2 b6
14.Re1 h6 15.Nc3 Nxc3 16.bxc3 d5 17.Nd2 Na5 18.Bf1 Qc7 19.Rc1
b5 20.Nb3 Rd8 21.g4 Kh7 22.Re3 Nxb3 23.axb3 Qf7 24.Rh3 Bd7 25.Bd3
a5 26.Rc2 a4 27.b4 Rh8 28.Bh4 Kg8 29.gxf5 exf5 30.Rg3 Qe6 31.Rcg2
Be8 32.Bf6 Rh7 33.Qb1 a3 34.Bxf5 Qxf5 35.Qxf5 gxf5 36.Rxg7+ Rxg7
37.Rxg7+ Kf8 38.Ra7 Bc6 39.Rxa3 Ra8 40.Ra5 Kf7 41.Kf2 Kg6 42.Kg3
Kf7 43.Kf3 Kg6 44.Be7 Kf7 45.Bd6 Ke6 46.Bc5 Kf7 47.Kg3 Rg8+ 48.Kf3
Ra8 49.h3 Ke6 50.Kg3 Rg8+ 51.Kh4 Ra8 52.Rxa8 Bxa8 53.Kh5 Kf7
54.Kxh6 Bc6 55.Kg5 Bd7 56.h4 Bc8 57.h5 Bd7 58.h6 Bc8 59.Be7 Bd7
60.Bf6 Kg8 61.Kg6 Be8+ 62.Kxf5 Bf7 63.Bg7 Bg6+ 64.Ke6 Bf7+ 65.Kd6 1-0

[Event "Moscow Open 2009 B"]
[Site "www.moscowchessopen.ru"]
[Date "2009.02.04"]
[Round "5.5"]
[White "Stets, Vasilij"]
[Black "Krivenko, Sergey"]
[Result "1-0"]
[WhiteElo "2239"]
[BlackElo "2111"]
[Annotator ""]
[Source ""]
[Remark ""]

1.e4 e6 2.d4 d5 3.e5 c5 4.c3 Qb6 5.a3 Nc6 6.b4 cxd4 7.Nf3 dxc3
8.Nxc3 Bd7 9.Be3 Qd8 10.Bd3 Nge7 11.Bg5 Qb8 12.Bf4 f5 13.b5 Nd8
14.g3 Nf7 15.Rc1 g5 16.Nxg5 Nxg5 17.Bxg5 Qxe5+ 18.Ne2 Ng6 19.Bd2
d4 20.a4 b6 21.O-O Bc5 22.Nf4 O-O 23.Re1 Qd6 24.Nxe6 Rfe8 25.Nxc5
Rxe1+ 26.Bxe1 bxc5 27.Bc4+ Kg7 28.f4 Re8 29.Bf2 Nf8 30.Ba2 Be6
31.Bxe6 Rxe6 32.Rxc5 d3 33.Rc6 Qd5 34.Rxe6 Nxe6 35.Bxa7 Nc5 36.Bxc5
Qxc5+ 37.Kf1 Qc2 38.Ke1 Qc3+ 39.Qd2 Qd4 40.Kf1 Qe4 41.Qb2+ Kg6
42.Kf2 Qxa4 43.Ke3 Qe4+ 44.Kd2 Qe2+ 45.Kc3 d2 46.Qxd2 Qxb5 47.Qd6+
Kh5 48.Qe5 Qc6+ 49.Kd4 Qc2 50.Qe8+ Kg4 51.Qg8+ Kf3 52.Qxh7 Qe4+
53.Kc5 Qc2+ 54.Kd5 Qd3+ 55.Ke6 Qe4+ 56.Kf6 Qd4+ 57.Kg6 Qd6+ 58.Kh5
Qf6 59.Qh6 Qe7 60.Qc6+ Kf2 61.Qc2+ Kg1 62.Qxf5 Kxh2 63.Qg6 Kh3
64.f5 Qe3 65.f6 Qe2+ 66.Kh6 Qe3+ 67.Kh7 1-0

[Event "Moscow Open 2009 B"]
[Site "www.moscowchessopen.ru"]
[Date "2009.02.04"]
[Round "5.6"]
[White "Grishin, Alexander"]
[Black "Polonskiy, Pavel"]
[Result "1-0"]
[WhiteElo "2231"]
[BlackElo "2111"]
[Annotator ""]
[Source ""]
[Remark ""]

1.Nf3 e6 2.c4 Nf6 3.b3 Be7 4.Bb2 O-O 5.g3 b6 6.Bg2 Bb7 7.O-O
c5 8.d4 cxd4 9.Qxd4 Nc6 10.Qf4 d5 11.Rd1 Qb8 12.Qxb8 Raxb8 13.cxd5
Nxd5 14.Nc3 Bf6 15.Na4 Rfd8 16.Bxf6 Nxf6 17.Ne5 Nxe5 18.Bxb7
g5 19.Ba6 Nd5 20.e3 Nb4 21.Be2 Rxd1+ 22.Bxd1 Rd8 23.a3 Na2 24.Be2
Rd2 25.Kf1 g4 26.Ke1 1-0

[Event "Moscow Open 2009 B"]
[Site "www.moscowchessopen.ru"]
[Date "2009.02.04"]
[Round "5.7"]
[White "Kutuzov, Denis"]
[Black "Muromtsev, Arthur"]
[Result "1-0"]
[WhiteElo "2298"]
[BlackElo "2259"]
[Annotator ""]
[Source ""]
[Remark ""]

1.e4 c5 2.Nf3 g6 3.c3 Bg7 4.d4 cxd4 5.cxd4 d5 6.exd5 Nf6 7.Bb5+
Nbd7 8.d6 O-O 9.dxe7 Qxe7+ 10.Qe2 Qb4+ 11.Nc3 Re8 12.Be3 a6 13.a3
Qd6 14.Bd3 b5 15.O-O Bb7 16.Qd2 Bxf3 17.gxf3 Nb6 18.Rad1 Rac8
19.Ne4 Qd7 20.Nxf6+ Bxf6 21.Kg2 Rcd8 22.Rfe1 Re6 23.Be4 Rd6 24.Qb4
Nc4 25.b3 Nb6 26.Qc5 Nd5 27.Qc2 a5 28.Rd2 b4 29.axb4 axb4 30.Qc5
Rc8 31.Qa5 Nc3 32.Qxb4 Be7 33.Qa5 Nxe4 34.fxe4 Qg4+ 35.Kf1 Qxe4
36.Qe5 Qh1+ 37.Ke2 Qb7 38.d5 Qd7 39.Qe4 Re8 40.Kf1 Bf6 41.Qc4
Qh3+ 42.Kg1 Qf3 43.Qe2 Qf5 44.Red1 Be5 45.Qf1 h5 46.Qg2 Bf6 47.b4
Re4 48.h3 Rh4 49.Bc5 Rd7 50.Rd3 Rc4 51.d6 Re4 52.Rf3 Rf4 53.Rxf4
Qxf4 54.Qg3 Qf5 55.Re1 Kh7 56.Kg2 Qd5+ 57.Qf3 Qg5+ 58.Qg3 Qd5+
59.Qf3 Qg5+ 60.Kf1 Kg7 61.Re3 Rd8 62.Qe4 Rd7 63.Qf3 Rd8 64.Qe4
Rd7 65.h4 Qh6 66.Qc6 Rd8 67.Bb6 Rf8 68.Qc4 Kg8 69.d7 g5 70.Re8 1-0

[Event "Moscow Open 2009 B"]
[Site "www.moscowchessopen.ru"]
[Date "2009.02.04"]
[Round "5.8"]
[White "Petrov, Artur"]
[Black "Kachar, Vladimir"]
[Result "1/2-1/2"]
[WhiteElo "2253"]
[BlackElo "2295"]
[Annotator ""]
[Source ""]
[Remark ""]

1.e4 c5 2.Nf3 e6 3.d3 Nc6 4.g3 Nge7 5.Bg2 g6 6.O-O Bg7 7.Re1
d6 8.c3 e5 9.Na3 O-O 10.Nc2 h6 11.d4 Bg4 12.d5 Nb8 13.b4 cxb4
14.cxb4 Na6 15.Rb1 Bd7 16.Ne3 b5 17.Bf1 Nc7 18.Nh4 Kh7 19.Nhg2
a5 20.Bd2 axb4 21.Bxb4 Nc8 22.Qd2 Na6 23.Ba5 Qe8 24.Bd3 Nc5 25.Bb4
Nb6 26.Rec1 Nba4 27.Bc2 Qe7 28.a3 Rfc8 29.Nd1 h5 30.Bxa4 Nxa4
31.Rxc8 Rxc8 32.Nc3 Bh6 33.Qd3 Nxc3 34.Bxc3 Qd8 35.Bb4 Qb6 36.Ne3
Kg8 37.Kg2 f6 38.Rf1 Qd4 39.Rd1 Qxd3 40.Rxd3 Bf8 41.Rd1 f5 42.exf5
gxf5 43.f4 Kf7 44.Kf3 e4+ 45.Ke2 Ke7 46.Kd2 Bg7 47.Rc1 Rxc1 48.Kxc1
Bd4 49.Kd2 Bc5 50.h4 Kf6 51.Ke2 Bc8 52.Kd2 Bd7 53.Ke2 Be8 54.Kd2
Bg6 55.Ke2 Ke7 56.Kd2 Kd7 57.Ke2 Bf7 58.Kd2 1/2-1/2

[Event "Moscow Open 2009 B"]
[Site "www.moscowchessopen.ru"]
[Date "2009.02.04"]
[Round "5.9"]
[White "Eliseev, Urii"]
[Black "Betaneli, Alexander"]
[Result "1/2-1/2"]
[WhiteElo "2249"]
[BlackElo "2284"]
[Annotator ""]
[Source ""]
[Remark ""]

1.e4 e5 2.Nf3 Nc6 3.Bb5 a6 4.Ba4 Nf6 5.d4 exd4 6.O-O Be7 7.Re1
b5 8.Bb3 d6 9.Bd5 Nxd5 10.exd5 Ne5 11.Nxd4 O-O 12.a4 Bg4 13.Qd2
Bd7 14.Nc3 bxa4 15.Nxa4 c5 16.dxc6 Nxc6 17.Nxc6 Bxc6 18.b3 Re8
19.Bb2 Bf8 20.Rxe8 Qxe8 21.Nb6 Ra7 22.Nc4 Re7 23.Ne3 Bb7 24.Ra4
Qb5 25.Ra5 Qe8 26.h3 Re6 27.Rg5 Rg6 28.Rxg6 hxg6 29.Qd4 Qe4 30.Qxe4
Bxe4 31.f3 Bc6 32.Ba3 Bd7 33.Kf2 f6 34.c4 Kf7 35.Nd5 g5 36.Ke3
Bc8 1/2-1/2

[Event "Moscow Open 2009 B"]
[Site "www.moscowchessopen.ru"]
[Date "2009.02.04"]
[Round "5.10"]
[White "Babikov, Ivan"]
[Black "Pogosian, Georgy"]
[Result "1-0"]
[WhiteElo "2284"]
[BlackElo "2219"]
[Annotator ""]
[Source ""]
[Remark ""]

1.e4 c5 2.c3 e6 3.d4 d5 4.exd5 exd5 5.Nf3 a6 6.Be2 c4 7.O-O Bd6
8.b3 b5 9.a4 Bb7 10.Na3 Nc6 11.Rb1 Na5 12.b4 Nb3 13.axb5 a5 14.bxa5
Qxa5 15.Nc2 Qxc3 16.Bb2 Qa5 17.Ne3 Ne7 18.Bxc4 dxc4 19.Nxc4 Qc7
20.Nxd6+ Qxd6 21.Qxb3 O-O 22.Ra1 Rfd8 23.Rxa8 Rxa8 24.Re1 Nd5
25.Ng5 h6 26.Ne4 Qg6 27.Qg3 Qe6 28.f3 Ra2 29.Nc5 Qc8 30.Bc1 Kh7
31.Qe5 Nc3 32.Nxb7 Qxb7 33.Qe3 Nxb5 34.Qd3+ g6 35.Qe3 g5 36.h4
f6 37.Qe8 Ra7 38.h5 Nd6 39.Qg6+ Kh8 40.Qxf6+ 1-0

[Event "Moscow Open 2009 B"]
[Site "www.moscowchessopen.ru"]
[Date "2009.02.04"]
[Round "5.11"]
[White "Likhoman, Mikhail"]
[Black "Khachatryan, Vahagn"]
[Result "1/2-1/2"]
[WhiteElo "2217"]
[BlackElo "2283"]
[Annotator ""]
[Source ""]
[Remark ""]

1.d4 d5 2.Nf3 Nf6 3.Bf4 Bf5 4.e3 e6 5.Bd3 Bd6 6.Bxf5 exf5 7.Bxd6
Qxd6 8.O-O O-O 9.Nc3 f4 10.Re1 fxe3 11.Rxe3 Ng4 12.Re2 c6 13.Qd3
Na6 14.Rae1 Nc7 15.Qf5 Nh6 16.Qe5 1/2-1/2

[Event "Moscow Open 2009 B"]
[Site "www.moscowchessopen.ru"]
[Date "2009.02.04"]
[Round "5.12"]
[White "Pavlov, Aleksandr"]
[Black "Simonian, Tigran"]
[Result "1-0"]
[WhiteElo "2274"]
[BlackElo "2207"]
[Annotator ""]
[Source ""]
[Remark ""]

1.d4 d5 2.c4 e6 3.Nf3 Nf6 4.Nc3 c6 5.Bg5 Nbd7 6.e3 Qa5 7.cxd5
Nxd5 8.Qb3 h6 9.Bh4 e5 10.Bc4 Bb4 11.O-O Bxc3 12.bxc3 O-O 13.e4
Nxc3 14.Be7 b5 15.Bb4 bxc4 16.Qxc3 exd4 17.Nxd4 Qe5 18.Bxf8 Nxf8
19.Qe3 c5 20.Nf3 Qh5 21.Rac1 Be6 22.Nd2 Rd8 23.Nxc4 Rd4 24.Nd2
Qg5 25.f4 Qd8 26.Nf3 Ra4 27.Rfd1 Qa8 28.Re1 f6 29.Rxc5 Rxa2 30.f5
Bf7 31.Rec1 Ra4 32.Rc8 Qxe4 33.Qc5 Be8 34.Re1 1-0

[Event "Moscow Open 2009 B"]
[Site "www.moscowchessopen.ru"]
[Date "2009.02.04"]
[Round "5.13"]
[White "Nikologorsky, Matfei"]
[Black "Erzhanov, Arman"]
[Result "1-0"]
[WhiteElo "2196"]
[BlackElo "2273"]
[Annotator ""]
[Source ""]
[Remark ""]

1.d4 d5 2.Nf3 c6 3.c4 e6 4.Nc3 dxc4 5.e4 b5 6.a4 Bb4 7.Bd2 a5
8.Be2 Nf6 9.Qb1 Ba6 10.O-O O-O 11.e5 Bxc3 12.bxc3 Nd5 13.Ng5
g6 14.Ne4 Nd7 15.Bh6 Re8 16.Qc1 f6 17.f4 f5 18.Nd6 N7b6 19.axb5
cxb5 20.Bg5 Qb8 21.Bf3 b4 22.Rxa5 b3 23.Qa3 Bb7 24.Bxd5 Bxd5
25.Ra1 Rxa5 26.Qxa5 Qa8 27.Nxe8 Qxa5 28.Rxa5 Bc6 29.Nf6+ Kf7
30.Ra7+ Nd7 31.Nxd7 b2 32.Nf6+ 1-0

[Event "Moscow Open 2009 B"]
[Site "www.moscowchessopen.ru"]
[Date "2009.02.04"]
[Round "5.14"]
[White "Karlson, Vladilen"]
[Black "Vardanian, Haik G"]
[Result "1-0"]
[WhiteElo "2190"]
[BlackElo "2269"]
[Annotator ""]
[Source ""]
[Remark ""]

1.e4 c5 2.Nf3 e6 3.d4 cxd4 4.c3 dxc3 5.Nxc3 Nc6 6.Bc4 a6 7.O-O
Nge7 8.Qe2 Ng6 9.a3 Be7 10.b4 d6 11.Rd1 b5 12.Bb3 O-O 13.Be3
Bd7 14.Qd2 h6 15.Rac1 Qb8 16.h4 Rc8 17.h5 Nge5 18.Bf4 Ra7 19.Nh2
Bf8 20.Ne2 Rac7 21.Rc3 Kh8 22.g4 a5 23.g5 hxg5 24.Bxg5 axb4 25.axb4
Ne7 26.Rg3 Ng8 27.Qf4 Kh7 28.h6 g6 29.Qh4 Qb7 30.f4 Qxe4 31.fxe5
Qxe2 32.Re3 Qb2 33.exd6 Rc1 34.Qf4 f5 35.Red3 Rxd1+ 36.Bxd1 e5
37.Qe3 Qxb4 38.Qxe5 Re8 39.Qd5 Qe1+ 40.Nf1 Qe6 41.Qb7 f4 42.Bxf4
Nxh6 43.Bb3 Qg4+ 44.Rg3 Qf5 1-0

[Event "Moscow Open 2009 B"]
[Site "www.moscowchessopen.ru"]
[Date "2009.02.04"]
[Round "5.15"]
[White "Klimovets, Kirill"]
[Black "Kursova, Maria"]
[Result "0-1"]
[WhiteElo "2183"]
[BlackElo "2268"]
[Annotator ""]
[Source ""]
[Remark ""]

1.e4 c5 2.Nf3 e6 3.b4 cxb4 4.d4 d5 5.e5 Nc6 6.Bd3 Nge7 7.O-O
Nf5 8.a3 Be7 9.axb4 Nxb4 10.Be2 O-O 11.c3 Nc6 12.Bd3 b6 13.Qc2
g6 14.g4 Ng7 15.Bh6 f6 16.Nbd2 fxe5 17.Nxe5 Nxe5 18.dxe5 Bg5
19.Bxg7 Kxg7 20.h3 Bxd2 21.Qxd2 Bb7 22.f4 d4 23.c4 Kh8 24.Kh2
Qc7 25.Rae1 Rf7 26.f5 gxf5 27.Qh6 Raf8 28.gxf5 exf5 29.Qf4 Rg8
30.Rf2 Rfg7 31.Rf3 Rg2+ 32.Kh1 R2g3 33.Be4 Bxe4 34.Rxe4 Rg1+ 0-1

[Event "Moscow Open 2009 B"]
[Site "www.moscowchessopen.ru"]
[Date "2009.02.04"]
[Round "5.16"]
[White "Dzhangobegov, Vladimir"]
[Black "Kruchev, Boris"]
[Result "1-0"]
[WhiteElo "2180"]
[BlackElo "2263"]
[Annotator ""]
[Source ""]
[Remark ""]

1.e4 c5 2.Nf3 d6 3.d4 cxd4 4.Nxd4 Nf6 5.Nc3 a6 6.Bc4 e6 7.Bb3
b5 8.O-O Be7 9.f4 O-O 10.e5 dxe5 11.fxe5 Bc5 12.Be3 Nfd7 13.Qh5
g6 14.Qh6 Nxe5 15.Rf4 Qe7 16.Ne4 Nbd7 17.Rh4 f6 18.Nxe6 Bxe3+
19.Qxe3 Rf7 20.Nc7 Rb8 21.Nd5 Qd8 22.Nd6 Rg7 23.Nxf6+ Kh8 24.Nxd7
Nxd7 25.Rf1 Bb7 26.Qd4 Qb6 27.Nf7+ Kg8 28.Ng5+ 1-0

[Event "Moscow Open 2009 B"]
[Site "www.moscowchessopen.ru"]
[Date "2009.02.04"]
[Round "5.17"]
[White "Minasyan, Arnold"]
[Black "Vdovin, Sergei"]
[Result "0-1"]
[WhiteElo "2171"]
[BlackElo "2263"]
[Annotator ""]
[Source ""]
[Remark ""]

1.e4 c5 2.Nf3 d6 3.d4 cxd4 4.Nxd4 Nf6 5.Nc3 a6 6.Bg5 e6 7.f4
Be7 8.Qf3 h6 9.Bh4 Qc7 10.O-O-O Nbd7 11.Bd3 g5 12.fxg5 Ne5 13.Qe2
Nfg4 14.h3 hxg5 15.Bg3 Nf6 16.Nf3 Nh5 17.Bh2 Nf4 18.Qd2 Nxf3
19.gxf3 Ng6 20.Be2 Ne5 21.Bg1 Bd7 22.Be3 f6 23.f4 gxf4 24.Bxf4
O-O-O 25.h4 Bc6 26.h5 b5 27.Qe3 Qb7 28.Rdg1 b4 29.Nb1 Bxe4 30.Bxa6
Qxa6 31.Qxe4 d5 32.Qg2 Bd6 33.Qf2 Rd7 34.Bxe5 Bxe5 35.Rh4 d4
36.h6 f5 37.Qe1 Bf6 38.Rh3 d3 39.Rxd3 Rxd3 40.cxd3 Qc6+ 41.Kd1
Rxh6 42.Qe2 Bd4 43.Re1 Kd7 44.Nd2 Bxb2 45.Qe3 Qc1+ 46.Ke2 Rh2+
47.Kf1 Rh1+ 48.Kg2 Rxe1 49.Qa7+ Qc7 0-1

[Event "Moscow Open 2009 B"]
[Site "www.moscowchessopen.ru"]
[Date "2009.02.04"]
[Round "5.18"]
[White "Bikuzhin, Vaksim"]
[Black "Shcherbin, Matvei"]
[Result "1-0"]
[WhiteElo "2145"]
[BlackElo "2262"]
[Annotator ""]
[Source ""]
[Remark ""]

1.e4 c5 2.Nf3 e6 3.d4 cxd4 4.Nxd4 Bc5 5.Nb3 Bb6 6.Nc3 Ne7 7.Bf4
d5 8.Qf3 dxe4 9.Nxe4 O-O 10.Bd3 f5 11.Nc3 Ng6 12.O-O-O Nxf4 13.Qxf4
Bc7 14.Qe3 Qf6 15.f4 Nc6 16.Bc4 Kh8 17.g3 Qh6 18.Rhe1 e5 19.Nd5
Bd6 20.fxe5 Qxe3+ 21.Rxe3 Nxe5 22.Be2 Ng6 23.Nb6 Bc5 24.Nxc5
axb6 25.Ne6 Bxe6 26.Rxe6 Rxa2 27.Kb1 Ra7 28.c3 f4 29.Rf1 Raa8
30.Rxb6 Rae8 31.Bh5 fxg3 32.Rxf8+ Nxf8 33.hxg3 g6 34.Bd1 Re7
35.g4 Ne6 36.Bf3 Nd8 37.Kc2 Kg7 38.c4 Kf8 39.Bd5 Ke8 40.b4 Kd7
41.c5 Kc7 42.Rf6 Rd7 43.Bg8 Nc6 44.Kc3 Ne5 45.b5 Nxg4 46.b6+
Kd8 47.Rf8+ Ke7 48.Rf7+ Ke8 49.Rxd7 Kxd7 50.Bd5 Ne5 51.Bxb7 h5
52.Kb4 Nc6+ 53.Kb5 Nd4+ 54.Ka6 Ne6 55.c6+ Kd6 56.Ba8 Nc7+ 57.Kb7
Ne6 58.c7 Nc5+ 59.Ka7 Kd7 60.Bb7 1-0

[Event "Moscow Open 2009 B"]
[Site "www.moscowchessopen.ru"]
[Date "2009.02.04"]
[Round "5.19"]
[White "Koshevoy, Sergey"]
[Black "Novikov, Valeri"]
[Result "0-1"]
[WhiteElo "2260"]
[BlackElo "2169"]
[Annotator ""]
[Source ""]
[Remark ""]

1.d4 Nf6 2.c4 c6 3.Nc3 d5 4.Nf3 g6 5.cxd5 Nxd5 6.e4 Nxc3 7.bxc3
Bg7 8.Be2 O-O 9.O-O c5 10.Rb1 Nc6 11.Be3 Qc7 12.Qd2 Rd8 13.d5
b6 14.Bf4 e5 15.Bg5 f6 16.Bh4 Na5 17.c4 Nb7 18.Bd3 Nd6 19.Qe3
Re8 20.Nd2 g5 21.Bg3 Qf7 22.f3 Kh8 23.Bf2 Rg8 24.g4 Bd7 25.Kg2
Rab8 26.Qe2 Bf8 27.Rh1 Kg7 28.h4 h6 29.Be3 Be7 30.Qf2 Rh8 31.Qg3
Rbg8 32.a4 Nb7 33.Bc2 Bd6 34.Rh2 Ra8 35.Kf2 Qe8 36.Ra1 Kf7 37.h5
Qc8 38.Rhh1 Qc7 39.Rhb1 Rhd8 40.Qg1 Na5 41.Bd3 Rdb8 42.Qc1 Qc8
43.Be2 Qe8 44.Qc2 Qd8 45.Rb2 Rb7 46.Nb1 a6 47.Bd2 Rab8 48.Bc3
Qc7 49.Nd2 Ra7 50.Rba2 Nb7 51.Nf1 Be7 52.Ne3 Nd6 53.Qd2 Rbb7
54.Kg2 Qb8 55.Qb2 Bf8 56.Be1 Rc7 57.Ra3 Rab7 58.Rb3 b5 59.axb5
axb5 60.cxb5 Bxb5 61.Bxb5 Nxb5 62.Rb1 Nd6 63.Qc2 Rxb3 64.Rxb3
Qa7 65.Nc4 Qa6 66.Rc3 Nb5 67.Qd3 Ra7 68.Rb3 Nd4 69.Rb2 Kg7 70.Ba5
Rb7 71.Bb6 Qa4 72.Qc3 Qd1 73.Bxc5 Rxb2+ 74.Nxb2 Qe2+ 75.Kg3 Bxc5
76.Qxc5 Qxf3+ 77.Kh2 Qf4+ 78.Kg2 Qxg4+ 0-1